Kpop Guess The Song by The Lyric (EXO) - Statistics

General Stats
  • This quiz has been taken 815 times
  • The average score is 7 of 15
Answer Stats
Hint Answer % Correct
'Hayan Champagne beobeure syawo...' Lotto
79%
'Jugeodo yeongwonhi sallae...' Monster
78%
'Just right sidongeul georeo eksere bareul ollyeo...' Love Me Right
69%
'Geomeun geurimja nae ane kkaeeona...' Growl
67%
'Urin deo isang nuneul maju haji anheulkka...' Mama
67%
'Neol hyanghae keojyeogan maeuma.,,' Call Me Baby
60%
'Boineun neol galguhae jom deo...' Overdose
55%
'Dangerous Dangerous, She’s so dangerous...' Exodus
46%
'Neol chajaganda chueogi bonaen tingkeobel...' Peter Pan
41%
'Oh hanadoen geu sungan...' Lucky One
38%
'Neol saranghal geu han saram narani...' For Life
20%
'Himdeulgo jichyeodo maeumi dachyeodo...' Promise
18%
'Kkeuti eobsneun mystery angae gateun memory...' Hurt
16%
'Neol nabakke mollasseodeon igijogin naega...' Miracle In December
13%
'Modu barabojiman nareul barabongeon anya...' The Star
5%
No matching quizzes found
Score Distribution
Percent of People with Each Score
Percentile by Number Answered
Your Score History
You have not taken this quiz